000 00494nam a2200193Ia 4500
005 20220601141813.0
008 131103s9999 xx 000 0 und d
020 _a6476066
040 _aLoreto College
041 _aEnglish
082 _aF
_bARC
100 _aArcher,Jeffrey
245 _aHonour among thieves
_cJeffrey Archer
260 _aNew Delhi
_bIndus/Harper Collins Publishers India
_c1993
300 _a420 p.
650 _aFiction in English
850 _aLCLIB
942 _cBK
999 _c16184
_d66663